000 00830nac a22002657a 4500
001 BR8501785
003 BR-BrBNA
005 20240105120258.0
008 230509b bl.|||m| |||| 00| 0 por d
040 _aBR-BrBNA
_bpor
_cBiblioteca Nacional de Agricultura
072 _aH10
090 _a0336 BR8501785
100 1 _aCampo, C.B.H.
110 1 _aCentro Nacional de Pesquisa de Soja, Londrina, PR (Brasil)
_91793
245 1 _aCriacao massal da lagarta da soja [Anticarsia gemmatalis]
260 3 _aLondrina, PR (Brasil):
_c1985.
300 _a23 p.
490 _aDocumentos - Centro Nacional de Pesquisa de Soja (Brazil)
_vno. 10
_xISSN 0101-5494
500 _a5 ref.
650 _aCRIACAO MASSAL
650 _aLAGARTA
650 _aSOJA
909 _a202312
_bLúcia Elande
_c55
_dLúcia Elande
942 _2AGRIS
_n0
_cMS
999 _c278642
_d278642